| 000 | 01818nam a22003737a 4500 | ||
|---|---|---|---|
| 003 | OSt | ||
| 005 | 20230421085030.0 | ||
| 008 | 221006b |||||||| |||| 00| 0 eng d | ||
| 040 | _cBiblioteca Lado V | ||
| 082 |
_a700 _bZ39a |
||
| 100 |
_9802 _aZaya, Antonio _eeditor _edirector |
||
| 245 |
_aAtalantica/ _bRevista de Arte y Pensamiento/ |
||
| 260 |
_bCentro Atlantico de Arte Moderno _c1993 _aEspaña |
||
| 300 |
_c24x30cm _a140p. |
||
| 366 | _efre | ||
| 366 | _eeng | ||
| 490 |
_v1993 _x1132-8428 _a5 |
||
| 505 |
_tTerritorios _aApartheid global? Enigmas de la encrucijada Razones y sin razones de por que hago lo que hago Una entrevista con Fariba Hajamadi 12 poemas de Manolo Padorno Proyecto de Abdell para Atlantica |
||
| 505 |
_tNexus _aUna mirada sobre MILLARES El realismo materico de MILLARES Portafolio fotográfico de Rosangela Reno |
||
| 505 |
_tRevista _aSobre Dal'Art 92 Entrevista con Andre Magnin Los viejos tiempos: este es mi melodrama Antonio del Castillo Jorge Ortega Entrevista con Jorge Ortega Rafael Hierro o De este paraiso II Proyecto de Gabriel Ortuño |
||
| 505 | _tNotas Biograficas | ||
| 505 | _tEdicion Inglesa | ||
| 505 | _tProyecto de Jacinto Minot | ||
| 650 |
_2Tesauro de Arte & Arquitectura _aARTE _9703 |
||
| 650 |
_2Tesauro de Arte & Arquitectura _aEXPOSICIONES |
||
| 650 |
_2Tesauro de Arte & Arquitectura _aCULTURA |
||
| 650 |
_2Tesauro de Arte & Arquitectura _aAPRECIACION |
||
| 650 |
_2Tesauro de Arte & Arquitectura _aTEORIA |
||
| 650 |
_2Tesauro de Arte & Arquitectura _aCRITICA |
||
| 650 |
_2Tesauro de Arte & Arquitectura _aFOTOGRAFIA _9702 |
||
| 650 |
_2Tesauro de Arte & Arquitectura _aLITERATURA |
||
| 650 |
_2Tesauro de Arte & Arquitectura _aESPAÑA |
||
| 942 |
_2ddc _c1 _h700 _iZ39a _n0 |
||
| 999 |
_c3413 _d3413 |
||